000 00432cam a2200181 4500
001 D5501
008 090401t1985 xxu||||| |||| 00| 0 eng d
035 _a(Sirsi) u53611
041 _aeng
050 _a333.337
110 _aHealey and Baker
_91907
245 _aRetail report 1985
260 _aLondon
_bHealey & Baker
_c1985
300 _av. 145p. 8p of plates. ill. 23cm
350 _a0
942 _n0
948 _c04/03/1997
999 _c93309
_d93309